000 00276nam a22001097a 4500
008 160418b xxu||||| |||| 00| 0 eng d
020 _a0323036643
041 _aeng
080 _a618.2
245 _aNursing Diagnosis Handbook:
_cBetty J. Ackley; Gail B.Ladwig;
942 _2udc
_cBK
999 _c1423
_d1423